00301nam a2200121Ia 4500008004100000041000800041082001400049100001400063245003000077260003300107300003200140365000700172240624s9999 xx 000 0 und d aeng a658.3 SIN aSINGH N K aHUMAN RESOURCE MANAGEMENT c2003aNew DelhibExcel Books axiii, : 242 : p. : cm. ; 24 cRS